| 000 | 00922nam a2200253Ia 4500 | ||
|---|---|---|---|
| 003 | OSt | ||
| 005 | 20221005111454.0 | ||
| 006 | a|||||r|||| 00| 0 | ||
| 007 | ta | ||
| 008 | 221004b |||||||| |||| 00| 0 hin d | ||
| 020 |
_a9788190557412 (hbk) _c300 |
||
| 024 | _a105947 | ||
| 037 |
_b12953, 18/03/2011, Kitab Ghar _cTextual |
||
| 040 |
_aCRL _cCRL _bhin |
||
| 041 |
_2hin _ahin |
||
| 082 | _aw2,N, 152P8 | ||
| 100 | _aशर्मा, चन्द्रशेखर | ||
| 245 | 0 | _aबीसवीं सदी के महान् भारतीय | |
| 246 | _aBīsavīan sadī ke mahān bhāratīya | ||
| 260 |
_aनई दिल्ली _bसंस्कार साहित्य भारत _c2008 |
||
| 300 |
_a192पृ0 _ccm. |
||
| 942 |
_hw2,N, 152P8 _cTEXL _2cc |
||
| 999 |
_c1021939 _d1021939 |
||